[Event "8th HDBank Cup 2018"]
[Site "Hanoi"]
[Date "2018.03.14"]
[Round "8"]
[White "Krysa, Leandro"]
[Black "Vishnu Prasanna. V"]
[Result "1-0"]
[WhiteElo "2548"]
[BlackElo "2526"]
[Annotator "TA"]
[PlyCount "103"]
[EventDate "2018.??.??"]
[EventCountry "VIE"]
[SourceTitle "playchess.com"]
[Source "ChessBase"]
[SourceQuality "1"]

{[%evp 18,103,35,24,29,-19,59,20,55,58,50,45,48,44,46,29,52,31,33,27,35,37,57,35,36,33,45,47,97,96,92,103,120,123,115,115,117,105,121,114,129,124,203,118,105,84,87,75,101,93,80,71,115,116,115,123,237,240,255,255,254,254,254,252,343,343,343,343,327,306,344,340,955,867,1130,1102,12838,12839,12839,12839,12840,12840,12842,12841,12843,12843,12844,12844]} 1. d4 Nf6 2. c4 e6 3. Nf3 d5 4. Nc3 Be7 5. Bf4 O-O 6. a3 {D37: Queen's Gambit Declined: 5 Bf4} Nbd7 7. Nb5 Ne8 8. e3 c6 9. Nc3 f5 10. h3 {LiveBook: 7 Games} Nd6 11. Qc2 $146 ({Predecessor:} 11. cxd5 exd5 12. Bd3 Nf6 {½-½ (52) Mamedyarov,S (2764)-Kasimdzhanov,R (2696) Tashkent 2012}) 11... Nf6 (11... Nxc4 $11 12. Bxc4 dxc4) 12. Ne5 Nfe4 13. Bd3 Nf7 14. Nxf7 Rxf7 15. O-O Bd6 16. Rad1 Qe7 17. f3 Ng3 18. Rfe1 Bd7 19. Qf2 Nh5 20. Bxd6 Qxd6 21. Qh4 Nf6 22. c5 $36 {[%mdl 2048] White has the initiative.} Qe7 23. e4 fxe4 24. fxe4 Nxe4 25. Qxe7 Rxe7 26. Bxe4 dxe4 27. Nxe4 Be8 28. Nd6 Bg6 29. Re3 b6 (29... Rd8 $16 {was necessary.} 30. Rde1 Bf7) 30. Nc4 (30. cxb6 $1 $18 {Hoping for b7.} axb6 31. Rc1) 30... Rd8 $16 {With the idea ...bxc5.} 31. Ne5 Be8 32. Rc3 bxc5 33. Rxc5 Rb7 34. b4 Rb5 35. Nxc6 Bxc6 36. Rxc6 {[%mdl 4096] Endgame KRR-KRR} e5 {[#]} (36... a5 $16) 37. d5 $1 $18 Rbxd5 38. Rxd5 Rxd5 {[#] KR-KR} 39. Ra6 $1 Rd7 40. Kf2 e4 41. Ke3 Re7 42. b5 Kf7 43. a4 {[%cal Ba3a4,Ba4a5,Ba5b6][%mdl 32]} Ke8 44. a5 Kf7 $2 (44... Re5 45. Rxa7 Rxb5 46. Kxe4 h5) 45. g4 {[%cal Bg2g4,Bg4g5][%mdl 32] White is clearly winning.} h6 46. h4 Kg8 47. b6 axb6 48. axb6 Kh7 49. Ra4 h5 50. g5 Kg6 51. Rb4 Rb7 52. Kxe4 {Precision: White = 71%, Black = 31%.} 1-0

[Event "8th HDBank Cup 2018"]
[Site "Hanoi"]
[Date "2018.03.14"]
[Round "8"]
[White "Sivuk, Vitaly"]
[Black "Harsha Bharathakoti"]
[Result "1-0"]
[WhiteElo "2526"]
[BlackElo "2443"]
[Annotator "TA"]
[PlyCount "129"]
[EventDate "2018.??.??"]
[EventCountry "VIE"]
[SourceTitle "playchess.com"]
[Source "ChessBase"]
[SourceQuality "1"]

{[%evp 27,129,0,0,0,0,0,37,24,23,12,15,22,27,16,46,45,70,64,67,69,80,88,111,97,114,101,97,93,114,62,145,82,69,49,69,66,66,66,75,66,75,66,66,66,67,66,68,66,66,66,66,66,98,99,100,111,79,29,83,89,93,93,79,81,64,64,155,154,148,156,245,220,258,251,233,216,284,272,353,330,329,254,341,343,495,495,495,495,495,495,495,495,495,475,495,488,477,451,866,766,920,887,1329,1307]} 1. e4 e5 2. Nf3 Nc6 3. Bc4 Bc5 4. c3 Nf6 5. d4 exd4 6. e5 d5 7. Bb5 Ne4 8. cxd4 Bb6 9. Nc3 O-O 10. Be3 {C54: Giuoco Piano: 4 c3 Nf6, main lines with 5 d4 and 5 d3} Bg4 (10... Ne7 11. O-O c6 12. Bd3 f5 13. exf6 Nxf6 14. Qc2 Bc7 15. Ne5 Ng4 16. Bxh7+ Kh8 17. Bg5 Nxe5 18. dxe5 Bxe5 {0-1 (25) Amonatov,F (2636)-Svidler,P (2765) Riadh 2017}) 11. h3 Bh5 12. Qc2 Bg6 13. Qb3 Ne7 14. O-O c6 {LiveBook: 9 Games} 15. Bd3 Nxc3 16. Qxc3 Qd7 $146 ({Predecessor:} 16... Bxd3 17. Qxd3 Qd7 {½-½ (51) Levitsky,A (2155)-Chkhaidze,N (2306) Prague 2018}) 17. a4 Ba5 18. Qxa5 {Strongly threatening Be2.} Bxd3 19. Rfe1 Be4 20. Nd2 Bg6 21. Qc3 a5 22. b4 axb4 23. Qxb4 Nf5 24. a5 f6 25. Bf4 fxe5 26. Bxe5 Nh4 27. Ra3 Rf7 28. f3 (28. g4 $16) 28... Bf5 ({Black should play} 28... h5 $14) 29. Bg3 (29. g4 $142 $1) 29... Ng6 $16 30. Kh2 Re8 31. Nb3 {And now Nc5 would win.} Rxe1 32. Qxe1 Re7 33. Qd2 Qe8 34. Ra2 {[%cal Ba3a2,Ba2b2,Bb2b4][%mdl 32]} Bc8 35. Nc5 Qf7 36. Rb2 Qf6 37. Rb4 h5 38. Nd3 Bf5 39. Ne5 Nxe5 40. Bxe5 Qg6 41. Qf4 Rf7 42. Qg3 (42. Qh4 {seems wilder.} Bd3 43. Qd8+ Kh7 44. f4 Be4 45. Rb2) 42... Kh7 (42... Qxg3+ $1 $11 43. Kxg3 g5) 43. Qxg6+ Kxg6 {[%mdl 4096] Endgame [#] KRB-KRB} 44. g4 $1 {[%cal Rg4f5]} Bd3 45. Kg3 Bb5 46. f4 {[%cal Bf3f4,Bf4f5][%mdl 32]} hxg4 (46... Kh6 $14) 47. hxg4 Rf8 48. Rb1 Kf7 {[#]} (48... Rh8 $16 49. f5+ Kf7) 49. Rh1 $1 $18 Kg8 50. f5 Bd3 51. Kf4 Ra8 52. Rh5 {aiming for Rg5.} Rf8 53. Rg5 Rf7 54. Ke3 Be4 55. Kd2 Kh7 (55... Rd7 $142 56. Ke3 Re7) 56. Kc3 {White is clearly winning.} Bf3 57. Kb4 Be2 58. Kc5 Rd7 59. Kb6 Re7 60. Rg6 Bd3 61. Rd6 Rf7 62. Re6 Rd7 (62... Bc4 $142 63. g5 Rxf5 64. Kxb7 c5 65. dxc5 d4) 63. Bc7 c5 64. dxc5 d4 65. Rd6 {Precision: White = 84%, Black = 32%.} 1-0

[Event "8th HDBank Cup 2018"]
[Site "Hanoi"]
[Date "2018.03.14"]
[Round "8"]
[White "Tran, Tuan Minh"]
[Black "Pascua Haridas"]
[Result "1-0"]
[WhiteElo "2522"]
[BlackElo "2431"]
[Annotator "TA"]
[PlyCount "45"]
[EventDate "2018.??.??"]
[EventCountry "VIE"]
[SourceTitle "playchess.com"]
[Source "ChessBase"]
[SourceQuality "1"]

{[%evp 14,45,85,78,64,65,70,78,72,96,102,85,103,93,87,88,102,94,112,116,100,70,154,119,144,139,213,220,203,207,489,494,489,464]} 1. d4 g6 2. e4 Bg7 3. Nc3 d6 4. f4 c6 5. Nf3 Nf6 6. Bd3 O-O 7. O-O Bg4 8. Be3 {LiveBook: 13 Games} e5 {B09: Pirc Defence: Austrian Attack} (8... Qa5 9. h3 Bxf3 10. Qxf3 e6 11. Bf2 d5 12. e5 Nfd7 13. Ne2 Na6 14. c3 Qc7 15. b4 Nab8 16. h4 {1-0 (28) Can,E (2519)-Petrisor,A (2432) Albena 2014}) 9. dxe5 dxe5 10. f5 gxf5 {White is better.} 11. exf5 e4 12. Nxe4 Nxe4 13. Bxe4 Qe7 14. Qd3 {Black must now prevent f6!} Nd7 $146 ({Predecessor:} 14... Re8 15. Rfe1 Qxe4 16. Bh6 Qxe1+ 17. Rxe1 Na6 18. Rxe8+ Rxe8 19. Bxg7 Bxf3 20. Bf6 Bg4 21. h3 Nb4 22. Qg3 {1-0 (22) Chahrour,I (2259)-Najjar,A (2235) Beirut 2015}) 15. Nd2 Rad8 16. Rae1 $1 ({Reject} 16. Bxa7 $6 Nf6 $11) 16... Rfe8 17. Bf4 {And now h3 would win.} ({Much weaker is} 17. Bxa7 Qb4 $11) 17... Qc5+ {[#]} (17... Qh4 $14) 18. Kh1 $1 $16 Nf6 {[#]} 19. Qg3 $1 ({Avoid the trap} 19. Nb3 $2 Qb4 $19) 19... h5 (19... Rxd2 $16 {was called for.} 20. Bxd2 Rxe4) 20. Bd3 $18 Rxe1 21. Rxe1 {Hoping for Nb3.} Re8 $2 (21... Bxf5 {is a better defense.} 22. Qg5 Rd5) 22. Rxe8+ Nxe8 23. h3 {Precision: White = 85%, Black = 50%.} 1-0

[Event "8th HDBank Cup 2018"]
[Site "Hanoi"]
[Date "2018.03.14"]
[Round "8"]
[White "Xu, Yi"]
[Black "Pham Chuong"]
[Result "1-0"]
[WhiteElo "2499"]
[BlackElo "2393"]
[Annotator "TA"]
[PlyCount "119"]
[EventDate "2018.??.??"]
[EventCountry "VIE"]
[SourceTitle "playchess.com"]
[Source "ChessBase"]
[SourceQuality "1"]

{[%evp 25,119,62,54,57,56,50,95,72,129,131,131,121,127,118,113,115,127,125,139,129,135,139,151,141,175,168,185,170,208,193,233,220,283,277,339,182,189,182,189,189,189,189,218,218,268,268,259,198,204,0,258,197,319,258,411,414,429,416,495,456,477,408,456,331,329,0,424,335,335,335,475,502,499,514,495,512,968,524,1310,1268,1232,601,661,644,674,623,849,822,876,859,1916,1751,1662,1127,2033,1999]} 1. e4 c5 2. Nf3 Nc6 3. Bb5 d6 4. O-O Bd7 5. Re1 Nf6 6. c3 a6 7. Bf1 Bg4 8. h3 Bh5 9. g4 {B51: Sicilian: Moscow Variation (3 Bb5+) without 3...Bd7} Bg6 10. d4 e5 11. d5 Nb8 12. Nbd2 Be7 13. Nh4 O-O {[#] LiveBook: 3 Games} 14. f3 $146 ({Predecessor:} 14. a4 Ne8 15. Ng2 Nd7 16. Nc4 Bg5 17. Bxg5 Qxg5 18. h4 {1-0 (18) Navara,D (2715)-Papadopoulos,I (2415) Achaia 2013}) 14... Nbd7 15. a4 {[%cal Ba2a4,Ba4a5][%mdl 32]} h6 16. a5 Ne8 {[#]} ({Better is} 16... Nh7 17. Ng2 (17. Nxg6 fxg6 18. Bg2 Bh4 $11) 17... Ng5) 17. Ng2 $1 $16 Bg5 18. Nc4 Bh7 19. Be3 g6 20. Qd2 Qe7 21. Bd3 Bxe3+ 22. Ngxe3 ({But not} 22. Rxe3 $6 f5 $14) 22... Kh8 23. Kh2 Rc8 24. Rg1 Nef6 25. Bc2 Ng8 26. Rg2 Rfd8 27. Rag1 Qf6 28. Qf2 g5 29. h4 Ne7 30. h5 (30. hxg5 $142 hxg5 31. Rh1) 30... Rc7 31. Ra1 Nc8 32. Rgg1 Qe7 33. Ba4 f6 34. Rgc1 Bg8 35. b4 Qf8 36. Nf5 Bh7 37. Nfe3 Bg8 $1 38. Rab1 Bf7 (38... b5 {keeps fighting.}) 39. Nf5 Be8 (39... Bg8 $142 40. b5 Nb8) 40. Kg2 Kh7 41. Rc2 Kh8 42. Kg3 Kh7 43. Qe2 Kh8 44. Nce3 Na7 45. Nc4 Nc8 46. Rcb2 cxb4 47. cxb4 ({Not} 47. Rxb4 Nc5 $18) 47... Kh7 (47... Nb8 {was worth a try.}) 48. Rc2 $18 {White is clearly winning.} Nb8 49. Bxe8 Rxe8 50. Rbc1 {[%cal Bb1c1,Bc1c2,Bc2c8,Bc8f8][%mdl 32]} Rd8 (50... Rf7 $142 51. Qf2 Rd8) 51. Qe3 Nd7 {[#]} 52. Nxe5 $1 {[%mdl 512]} Rxc2 (52... dxe5 53. Rxc7) 53. Nxd7 (53. Ng6 $142 Qf7 54. Rxc2) 53... Rxd7 54. Rxc2 Ne7 55. Nd4 Qf7 56. Ne6 f5 57. gxf5 Ng8 58. Rc8 Re7 59. Qd4 Nf6 60. Rf8 {Precision: White = 69%, Black = 31%.} 1-0

[Event "8th HDBank Cup 2018"]
[Site "Hanoi"]
[Date "2018.03.14"]
[Round "8"]
[White "Pena Gomez, Manuel"]
[Black "Sammed Jaykumar, Shete"]
[Result "1/2-1/2"]
[WhiteElo "2478"]
[BlackElo "2382"]
[Annotator "TA"]
[PlyCount "67"]
[EventDate "2018.??.??"]
[EventCountry "VIE"]
[SourceTitle "playchess.com"]
[Source "ChessBase"]
[SourceQuality "1"]

{[%evp 22,67,10,-7,8,0,20,0,8,6,5,12,12,0,6,0,12,0,13,13,13,12,14,10,49,14,14,0,0,0,6,6,15,0,0,0,0,0,0,0,0,0,0,0,0,0,0,0]} 1. g3 Nf6 2. Bg2 g6 3. c4 Bg7 4. Nc3 c5 5. e4 Nc6 6. Nge2 O-O 7. O-O d6 8. d3 a6 9. h3 Rb8 10. a4 Bd7 11. Be3 Ne8 12. Kh2 {LiveBook: 7 Games. A36: Symmetrical English vs ...g6: 4 Bg2 Bg7} (12. d4 b6 13. b3 Nc7 14. Ra2 e5 15. dxe5 dxe5 16. a5 Nxa5 17. Rd2 Qc8 18. Rxd7 Nxb3 19. Rxc7 Qxc7 20. Qxb3 {1-0 (45) Flores,D (2579)-Banikas,H (2568) Doha 2016}) 12... Nc7 13. d4 b6 14. Rb1 $146 ({Predecessor:} 14. Nd5 Ne6 15. dxc5 bxc5 16. Rb1 Bxb2 17. f4 Bg7 18. Rxb8 Nxb8 19. f5 Nc7 20. fxg6 hxg6 {0-1 (38) Huguet,B (2127)-Harovelo,I (2295) France 1999}) 14... e5 {[%cal Re5d4]} 15. dxc5 dxc5 16. f4 Nd4 (16... Re8 {feels hotter.} 17. b3) 17. fxe5 Bxe5 18. Bf4 Bxf4 19. gxf4 Nxe2 20. Qxe2 Ne6 21. Qf2 Nd4 22. b4 Be6 23. Nd5 (23. a5 $5) 23... a5 {The position is equal.} 24. b5 f6 25. Rbe1 Kg7 26. Qg3 Rb7 27. Ne3 {Black must now prevent f5.} Re7 28. h4 Kh8 29. Nd5 Rd7 30. Rf2 Rg7 31. Rd1 Rfg8 32. Ne3 Rd7 33. Nd5 Rdg7 34. Ne3 {Precision: White = 57%, Black = 52%.} 1/2-1/2

[Event "8th HDBank Cup 2018"]
[Site "Hanoi"]
[Date "2018.03.14"]
[Round "8"]
[White "Santiago Yago De Moura"]
[Black "Pichot, Alan"]
[Result "0-1"]
[WhiteElo "2473"]
[BlackElo "2558"]
[Annotator "TA"]
[PlyCount "116"]
[EventDate "2018.??.??"]
[EventCountry "VIE"]
[SourceTitle "playchess.com"]
[Source "ChessBase"]
[SourceQuality "1"]

{[%evp 16,116,16,2,4,-2,-19,-27,-23,-30,-32,-32,-39,-63,-70,-70,-51,-77,-66,-81,-67,-102,-88,-118,-114,-150,-105,-115,-114,-186,-181,-187,-176,-214,-223,-216,-186,-179,-172,-205,-181,-180,-143,-141,-132,-136,0,-131,-125,-193,-196,-196,-193,-196,-196,-191,-191,-199,-199,-199,-199,-206,-199,-270,-270,-265,-260,-260,-258,-261,-261,-270,-229,-437,-434,-420,-417,-706,-671,-765,-729,-838,-664,-660,-729,-790,-790,-693,-610,-698,-476,-374,-8,-8,0,-704,-706,-599,-540,-1912,-1885,-1502,435]} 1. d4 Nf6 2. c4 e6 3. Nf3 d5 4. Nc3 dxc4 5. e4 Bb4 6. Bxc4 {D24: Queen's Gambit Accepted: 3 Nf3 Nf6 4 Nc3} Nxe4 7. O-O Nxc3 8. bxc3 Bd6 (8... Be7 9. Ne5 O-O 10. Re1 Nc6 11. Qg4 f5 12. Qf3 Nxe5 13. Rxe5 Kh8 {½-½ (37) Karjakin,S (2763)-Mamedyarov,S (2809) Moscow 2018}) 9. Qe2 {LiveBook: 4 Games} Nd7 $146 {[%cal Bb8d7,Bd7b6,Bb6d5][%mdl 32]} ({Predecessor:} 9... O-O 10. Rd1 Nc6 11. Bb3 Ne7 12. Bc2 f6 13. c4 c6 {1-0 (25) Wen,Y (2583)-Lu,S (2606) Xinghua 2015}) 10. Ne5 O-O 11. Bf4 Nb6 12. Bd3 Nd5 13. Bd2 c5 14. Rad1 cxd4 15. cxd4 b6 16. Qg4 f5 17. Qg3 Bb7 18. Bh6 {[%csl Gh6][%cal Rg3g7]} Qe7 19. Bg5 Qe8 $1 20. Bh6 {[%csl Gh6][%cal Rg3g7]} Bxe5 21. dxe5 {[%csl Gh6][%cal Rg3g7]} Rf7 22. Bc4 (22. Rc1 $17) 22... Rc8 $19 23. Bxd5 Bxd5 24. a3 {[#]} Rc4 $1 {[%cal Rc4g4]} 25. f3 Qc6 26. Bc1 Rc7 {Hoping for ...Qc5+.} 27. h3 Qc5+ 28. Kh1 Qe7 29. Qe1 Rc2 30. Rf2 R2c4 (30... Qh4 $17 31. Rxc2 Qxe1+ 32. Rxe1 Rxc2) 31. Bb2 (31. Rf1 $1 $11) 31... b5 $36 {[%mdl 2048] Black has strong initiative.} 32. Rc1 (32. Re2 $17) 32... Rxc1 $19 33. Bxc1 {[#]} a5 $1 {[%cal Ba7a5,Ba5b4,Bb4b3][%mdl 544]} 34. Bb2 (34. Qxa5 Rxc1+) 34... b4 35. axb4 axb4 36. Qd2 b3 37. Qd4 h6 38. Kg1 Qg5 39. Rd2 (39. Kh2 $142) 39... Rc4 40. Qd3 Qg3 41. Qe2 Kh7 42. Qf2 Qxf2+ 43. Kxf2 {[%mdl 4096] Endgame KRB-KRB} f4 44. g3 $2 (44. Ke1 {keeps fighting.}) 44... fxg3+ 45. Kxg3 g5 46. Rf2 (46. Bd4 $142) 46... h5 47. Rd2 Kg6 48. Bd4 Kf5 49. Kf2 Rc1 50. Bb2 Rh1 51. Kg2 Rb1 52. Kg3 Rf1 53. Kg2 {[#]} Re1 $2 (53... Bc4 $1 $19 {aiming for ...Rb1.} 54. Bc3 Rc1) 54. Kf2 $1 $11 {[%cal Rf2e1]} Rb1 $2 {[%mdl 8192]} (54... Rxe5 $11 55. Bc3 Bb7 56. Bxe5 Kxe5) 55. Kg3 $1 $19 h4+ {Black is clearly winning.} 56. Kf2 Kf4 57. Bc3 Rh1 58. Rd4+ Kxe5 $4 {[%mdl 40960] Precision: White = 36%, Black = 72%. . Sensor Board Error (Ke4/e5)?} (58... Kf5 $19 59. Rd2 Rxh3) 0-1

[Event "8th HDBank Cup 2018"]
[Site "Hanoi"]
[Date "2018.03.14"]
[Round "8"]
[White "Erigaisi Arjun"]
[Black "Lei, Tingjie"]
[Result "1/2-1/2"]
[WhiteElo "2458"]
[BlackElo "2545"]
[Annotator "TA"]
[PlyCount "44"]
[EventDate "2018.??.??"]
[EventCountry "VIE"]
[SourceTitle "playchess.com"]
[Source "ChessBase"]
[SourceQuality "1"]

{[%evp 24,44,0,0,0,0,0,0,2,-10,0,0,0,-12,-7,0,0,0,0,0,0,0,0]} 1. Nf3 d5 2. d4 Nf6 3. c4 c6 4. cxd5 cxd5 5. Nc3 Nc6 6. Bf4 Bf5 7. e3 e6 8. Bd3 Bxd3 9. Qxd3 Bd6 10. Bxd6 Qxd6 11. O-O O-O 12. Rac1 Rac8 13. h3 {The position is equal.} h6 {D14: Slav Defence: Exchange variation with ...Bf5} 14. Rfd1 Rfd8 15. Nd2 (15. Qe2 Qe7 16. Ne1 Ne8 17. Nd3 Nd6 18. b3 b6 19. Qb2 Nf5 20. Ne2 Nd6 21. Nc3 Nf5 22. Ne2 Nd6 23. Nc3 Nf5 {½-½ (23) Solak,D (2624)-Mamedov,R (2680) Kocaeli 2017}) 15... Ne7 $146 ({Predecessor:} 15... Na5 16. a3 Qb8 17. Ne2 Rxc1 18. Rxc1 Rc8 19. Rxc8+ Qxc8 20. Qc3 Qxc3 21. Nxc3 Nd7 22. Kf1 Kf8 23. Ke2 Ke7 24. Kd3 Nb6 25. b3 a6 26. f3 Nc6 {½-½ (26) Laxman,R (2503)-Kamble,V (2364) Gurgaon 2010}) 16. Ne2 Rxc1 17. Rxc1 Rc8 18. a3 Rxc1+ 19. Nxc1 Qc6 20. Ne2 Nd7 21. Qc3 Qxc3 22. Nxc3 Kf8 1/2-1/2

[Event "8th HDBank Cup 2018"]
[Site "Hanoi"]
[Date "2018.03.14"]
[Round "8"]
[White "Hoang Canh Huan"]
[Black "Karthikeyan P."]
[Result "1/2-1/2"]
[WhiteElo "2402"]
[BlackElo "2473"]
[Annotator "TA"]
[PlyCount "53"]
[EventDate "2018.??.??"]
[EventCountry "VIE"]
[SourceTitle "playchess.com"]
[Source "ChessBase"]
[SourceQuality "1"]

{[%evp 19,53,8,21,22,53,0,0,-16,0,-40,-42,-45,-56,-65,-51,-54,-57,-95,-68,-80,-72,-89,-91,-98,-69,-87,-85,-91,-88,-108,-14,-15,-13,-6,-22,-8]} 1. e4 e5 2. Bc4 Nf6 3. d3 c6 4. Nf3 d5 5. Bb3 a5 6. a3 {C24: Bishop's Opening: 2...Nf6} (6. a4 Bb4+ 7. c3 Bd6 8. Nbd2 O-O 9. O-O Nbd7 10. Re1 Re8 11. h3 h6 12. Nf1 Nf8 13. Ng3 Ng6 {0-1 (72) Leko,P (2691)-Li,C (2732) Riadh 2017}) 6... Bd6 7. Nc3 dxe4 8. Ng5 O-O 9. Ncxe4 Nxe4 10. Nxe4 Bf5 {LiveBook: 3 Games} 11. Qf3 Bg6 $146 ({Predecessor:} 11... Bxe4 12. dxe4 Nd7 13. O-O Nc5 {½-½ (37) Rabiega,R (2504)-Cuenca Jimenez,J (2473) Germany 2014}) 12. O-O (12. Be3 $14) 12... Be7 $11 13. Re1 Nd7 14. Ba2 Kh8 $1 15. Ng3 f5 16. Bd2 Bd6 17. Bc3 Qc7 18. Qd1 Rae8 19. Qd2 a4 20. Bb4 {[#]} c5 $1 {[%cal Rc5b4]} 21. Bc3 Qc6 22. b3 axb3 23. Bxb3 {[#]} Nf6 $1 24. a4 Nd5 (24... f4 $17 25. Nf1 f3) 25. Bc4 {The position is equal.} Nxc3 26. Qxc3 Re7 27. Qb3 {Precision: White = 38%, Black = 72%.} 1/2-1/2

[Event "8th HDBank Cup 2018"]
[Site "Hanoi"]
[Date "2018.03.14"]
[Round "8"]
[White "Cao, Sang"]
[Black "Sethuraman, S.P."]
[Result "1-0"]
[WhiteElo "2381"]
[BlackElo "2649"]
[Annotator "TA"]
[PlyCount "107"]
[EventDate "2018.??.??"]
[EventCountry "VIE"]
[SourceTitle "playchess.com"]
[Source "ChessBase"]
[SourceQuality "1"]

{[%evp 20,107,0,0,0,0,0,0,0,-8,0,0,0,-10,25,0,25,0,37,20,62,36,20,0,0,0,44,47,39,0,0,0,54,0,0,0,227,222,235,227,217,229,441,437,426,417,409,400,370,336,329,319,317,333,324,329,381,360,365,318,320,257,311,102,91,0,317,306,306,259,316,298,368,350,459,220,419,418,419,419,411,326,327,325,332,320,352,345,567,558]} 1. d4 d5 2. Nf3 Nf6 3. e3 e6 4. Bd3 c5 5. b3 Nc6 6. O-O Bd6 7. Bb2 O-O 8. Nbd2 b6 9. a3 Bb7 {D05: Colle System with ...e6} 10. Qe2 Rc8 11. Rfd1 {LiveBook: 3 Games} (11. Rad1 cxd4 12. exd4 Qe7 13. Ra1 Qc7 14. g3 Ne7 15. Rac1 Qb8 16. Rfe1 Rc7 17. Ng5 {½-½ (43) Rakhmanov,A (2676)-Azarov,S (2582) Minsk 2017}) 11... Qe7 {The position is equal.} 12. dxc5 $146 ({Predecessor:} 12. Ne5 Na5 13. f4 Rfd8 14. Ndf3 Ne4 15. dxc5 bxc5 16. Bxe4 dxe4 17. Nd2 {0-1 (53) Ratkovic,M (2402)-Zajic,M (2480) Belgrade 2016}) 12... bxc5 13. c4 Rfd8 14. e4 dxe4 15. Nxe4 Nxe4 16. Bxe4 h6 17. Qe3 Bc7 18. Bc3 Bb6 19. h3 f6 20. Bc2 Nd4 21. Nxd4 cxd4 22. Rxd4 (22. Bxd4 $2 Rxd4 23. Rxd4 e5 $19) 22... Bxd4 23. Bxd4 a6 24. Qd3 {[%mdl 1024] White has compensation.} Kf8 25. Qe3 Kg8 26. Qd3 (26. Re1 $14) 26... Kf8 $11 {...e5 is the strong threat.} 27. Qe3 Qd6 $2 {[#]} (27... Kg8 $11) 28. Bxf6 $1 $18 {[%mdl 512]} gxf6 29. Qxh6+ Ke8 {Strongly threatening ...Qe7.} 30. Qg6+ $1 (30. Qxf6 Qf8 $11) 30... Kf8 $2 (30... Kd7) 31. Qxf6+ Kg8 32. Qg6+ Kf8 {[#] And now ...Qe5 would win.} 33. Qh6+ $1 Ke8 34. Qh5+ Kf8 35. Qh8+ Kf7 36. Qh7+ Kf8 {aiming for ...Qe5.} 37. Qxb7 Qd2 38. Qf3+ Ke7 39. Qe4 Rf8 40. Qb7+ Kf6 41. Qf3+ $2 (41. Qxa6 Qxc2 42. Re1 Kg7 $11) (41. Qh7 $18 {is the precise move to win.} Rf7 42. Qe4) 41... Ke7 $16 {[#]} 42. Qb7+ $2 (42. Qe4 $1 $16 Rxf2 43. Qh4+ Rf6 44. Rf1) 42... Kf6 $1 $18 43. Qh7 {Hoping for Rd1.} ({And not} 43. Qxa6 Qxc2 44. Re1 Kg7 $11) 43... Rf7 44. Qh4+ Kg7 45. Qg3+ Kf8 46. Bg6 Rf6 47. Bh5 (47. Qh4 $142 Ke7 48. Qh7+ Kd6 49. Rf1) 47... Qh6 $2 (47... a5 48. Rf1 a4 49. bxa4 Qf4) 48. Qd6+ Kg8 49. Bg4 Rcf8 50. Re1 Rxf2 51. Qxe6+ Qxe6 52. Rxe6 ({But not} 52. Bxe6+ Kg7 $18) 52... Rb2 53. b4 ({Weaker is} 53. Rxa6 Rxb3 54. a4 Kg7 $18) 53... Ra2 $2 (53... Ra8 {keeps fighting.} 54. Bf3 Ra7) 54. Rxa6 {Precision: White = 52%, Black = 54%.} 1-0